000 00983nac a2200325 i 4500
003 EG-GICUC
005 20260121101224.0
008 251116b2004 enk||||fr|||| 00| 0 eng d
020 _a0421800100
020 _a9780421800106
040 _a EG-GICUC
_beng
_c EG-GICUC
_d EG-GICUC
_erda
082 0 4 _221
_a342
092 0 4 _221
099 _aLaw 07 2004
100 1 _aLewis, Clive.
245 1 0 _aJudicial remedies in public law /
_cClive Lewis ; with a foreword by The Rt. Hon. Lord Justice Laws.
264 _aLondon :
_bSweet & Maxwell,
_c2004.
300 _aclix, 701 page ;
_c26 cm.
336 _2rda content
_atext
337 _2rda media
_aComputer
338 _2rda carrier
_aOnline Resource
500 _aIncludes index.
650 1 0 _aRemedies ( Law )
650 1 0 _aJudicial review.
650 1 0 _aPublic law.
700 1 _aLaws, Lord Justice.
856 4 0 _uhttps://fll.law.cu.edu.eg/fulltext/bks/ENGB07-00069.pdf
905 _a10
942 _2ddc
_cBK
_e21
_n0
999 _c43384
_d43384